00647nam a2200181 i 450000100060000000300090000600500170001500700030003200800410003510000340007624500630011026000570017330000330023065000330026385200310029699900170032795201210034472112ES-MaACL20230906171328.0t|040826s1943 sp ||||1| spa d1 aGil Turner, Guillermo.95688510aDehiscencia de la herida laparatómica / cG. Gil Turner. aMadrid : bMorata, c1943 (fDiana Artes Gráficas) a119 p., 10 lám. ; c24 cm. 4aAbdomen-xCirugía.9146902 aES-MaACLjE-1079 bR.20454 c72112d72112 00104070aATENEOMbATENEOMcDEPO2d2008-01-17eSCl0oE-1079p1075496r2023-02-23 00:00:00w2023-02-23yMONOGRAFIA